Cinéma par lettre - R - Statistiques

Statistiques générales
  • Ce quiz a été pris 241 fois
  • Le résultat moyen est 13 sur 20
Statistiques - réponses
Questions Réponses % Correct
Quel film d'animation met en scène Rémy, un cuisinier guidé par un rat tirant ses cheveux ? Ratatouille
100%
Quel film met en scène Marty McFly en compagnie de Doc, traversant tout deux le temps ? Retour vers le futur
93%
Quelle humoriste et actrice prend la place de Valérie Lemercier dans "Les Visiteurs" ? Murielle Robin
90%
Quel film d'animation montre un personnage volant les riches pour redistribuer les richesses aux pauvres ? Robin des Bois
90%
Quel acteur français tient le rôle de Godefroy de Montmirail dans "Les Visiteurs" ? Jean Reno
87%
Quelle actrice prend le rôle de Barbie en 2023 ? Margot Robbie
84%
Quelle actrice joue une prostituée dans "Pretty Woman" ? Julia Roberts
80%
Quel acteur a le rôle d'Harry Potter dans la saga éponyme ? Daniel Radcliffe
77%
Quel acteur des années 1950-60 est devenu président des Etats-Unis en 1980 ? Ronald Reagan
73%
Quel film retrace l'histoire de l'équipe jamaïcaine de Bobsleigh lors des J.O de 1988 ? Rasta Rocket
70%
Quel acteur incarne le personnage de Deadpool ? Ryan Reynolds
69%
Quel étalon italien est un boxeur de Philadelphie ? Rocky
68%
Quel acteur français joue un homme malchanceux et naïf dans "La Chèvre" et "Les Compères" ? Pierre Richard
60%
Quel film retrace la vie et la carrière musicale d'Elton John ? Rocketman
58%
Quelle chanteuse et actrice française joue la mère de Dany Boon dans "Bienvenue chez les ch'tis" ? Line Renaud
48%
Quel acteur murmurait à l'oreille des chevaux ? Robert Redford
43%
Quel film relate l'histoire d'un héritier devant partager la fortune de son père avec son frère, alors handicapé ? Rain Man
38%
Quel film met en scène un soldat revenu du Vietnam, totalement déboussolé lors de son retour aux Etats-Unis ? Rambo
32%
Quelle série montre l'histoire d'une petite ville où le quotidien est bouleversé par la mort suspecte de Jason Blossom ? Riverdale
24%
Quel film français met en scène Johanna Pasquali qui est une policière sympathique mais incompétente ? Raid Dingue
14%
Aucun quiz correspondant
Distribution des résultats
% des personnes avec chaque résultat
Percentile par nombre de réponses
Votre historique - résultats
Vous n’avez pas pris ce quiz